LDR 00849naa#a2200169#i#450# 001 RU\FGKOU VO SPBU MVD ROSSII\bibl\106148 005 20260429043504.3 011 ## _a2713-0622 100 ## _a20260428b2026####ek#y0rusy0150####ca 102 ## _aRU 200 1# _aСоциально-перцептивные образы сотрудников органов внутренних дел с разным опытом службы _eЖурнальная статья 210 1# _aСанкт-Петербург _cСАНКТ-ПЕТЕРБУРГСКИЙ УНИВЕРСИТЕТ МИНИСТЕРСТВА ВНУТРЕННИХ ДЕЛ РОССИЙСКОЙ ФЕДЕРАЦИИ _d2026 215 ## _a16 с. 608 ## _aЖурнальная статья _2local 675 ## _aПсихология. 159.9 _z 700 #1 _aАндреева _gМария Ильинична 856 4# _avestnikspbmvd.ru _u